Number theory in science and communication : (Record no. 188721)
[ view plain ]
| 000 -LEADER | |
|---|---|
| fixed length control field | 02445 a2200217 4500 |
| 003 - CONTROL NUMBER IDENTIFIER | |
| control field | Nust |
| 005 - DATE AND TIME OF LATEST TRANSACTION | |
| control field | 20221117123414.0 |
| 010 ## - LIBRARY OF CONGRESS CONTROL NUMBER | |
| LC control number | 85017260 |
| 020 ## - INTERNATIONAL STANDARD BOOK NUMBER | |
| International Standard Book Number | 0387158006 (U.S. : pbk.) |
| 040 ## - CATALOGING SOURCE | |
| Transcribing agency | Nust |
| 082 00 - DEWEY DECIMAL CLASSIFICATION NUMBER | |
| Classification number | 512.7,SCH |
| 100 1# - MAIN ENTRY--PERSONAL NAME | |
| Personal name | Schroeder, M. R. |
| 9 (RLIN) | 102840 |
| 245 10 - TITLE STATEMENT | |
| Title | Number theory in science and communication : |
| Remainder of title | with applications in cryptography, physics, digital information, computing, and self-similarity / |
| Statement of responsibility, etc. | M.R. Schroeder. |
| 250 ## - EDITION STATEMENT | |
| Edition statement | 2nd enl. ed. |
| 260 ## - PUBLICATION, DISTRIBUTION, ETC. | |
| Place of publication, distribution, etc. | Berlin ; |
| -- | New York : |
| Name of publisher, distributor, etc. | Springer-Verlag, |
| Date of publication, distribution, etc. | c1986. |
| 300 ## - PHYSICAL DESCRIPTION | |
| Extent | xix, 374 p. : |
| Other physical details | ill. ; |
| Dimensions | 24 cm. |
| 440 #0 - SERIES STATEMENT/ADDED ENTRY--TITLE | |
| Title | Springer series in information sciences ; |
| Volume/sequential designation | 7 |
| 9 (RLIN) | 101218 |
| 505 ## - FORMATTED CONTENTS NOTE | |
| Formatted contents note | Part i: A Few Fundamental, Introduction (Page-1), The Natural Numbers (Page-17), Primes (Page-26), The Prime Distribution (Page-40), Part ii: Some Simple Applications, Fraction: Continued, Egyptian and Farey (Page-55), Part iii: Congruence’s and the like , Linear Congruence’s (Page-87), Diophantine Equations (Page-95), The Theorems of Fermat , Wilson and Euler (Page-111), Part iv: Cryptography and Divisors , Euler trap Doors and Publics and Public-Key Encryption (Page-118), The Divisor Functions (Page-127), The Prime Divisor Functions (Page-135), Certified Signatures (Page-149), Primitive Roots (Page-151), Knapsack Encryption (Page-168), Part V: Residues and Diffraction , Quadratic Residues (Page-172), Part VI: Chinese and Other Fast Algorithms, The Chinese Remainder Theorem and Simultaneous Congruence’s (Page-186), Fast Transformation and Kronecker Products (Page-196), Quadratic Congruence’s (Page-201), Part vii: Pseudo primes, Mobius Transform, and Partitions , Pseudo primes, Poker and Remote Coin Tossing (Page-203), The Mobius Function and the Mobius Transform (Page-215), Generating Functions and Partitions (Page-223), Part viii: Cyclostomes and Polynomials , Cyclotomic Polynomials (Page-232), Linear Systems and Polynomials (Page-249), Polynomial Theory (Page-253), Part ix : Galois Fields and More Application , Galois Fields (Page-259), Spectral Properties of Galois Sequences(Page-274), Random Number Generations (Page-289), Waveforms and Radiation Patterns (Page-297) Number Theory, Randomness and Art (Page-307), Part x: Self-Similarity, Fractals and Art , Self-similarity , Fractals, Deterministic Chaos and New Sate Of Matter (Page-315), Appendix (Page-341). |
| 650 #0 - SUBJECT ADDED ENTRY--TOPICAL TERM | |
| Topical term or geographic name entry element | Number theory. |
| 9 (RLIN) | 3455 |
| 942 ## - ADDED ENTRY ELEMENTS (KOHA) | |
| Koha item type | Reference |
| Source of classification or shelving scheme | |
| Call number prefix | 512.7,SCH |
| Withdrawn status | Lost status | Source of classification or shelving scheme | Damaged status | Not for loan | Permanent Location | Current Location | Shelving location | Date acquired | Full call number | Barcode | Date last seen | Price effective from | Koha item type | Public note |
|---|---|---|---|---|---|---|---|---|---|---|---|---|---|---|
| Military College of Signals (MCS) | Military College of Signals (MCS) | General Stacks | 12/12/2016 | 512.7,SCH | MCS26454 | 12/08/2016 | 12/12/2016 | Book | Almirah No.11, Shelf No.4 |
